Países do Mediterrâneo - Sudden Death - Statistics

Estatísticas Gerais
  • Esse quiz foi jogado 163 vezes
  • A pontuação média é 9 de 22
Answers on the Grid
Answers color-coded by a green-red scale on the quiz's grid according to % correct below.
Albânia
Argélia
Bósnia
Chipre
Croácia
Egito
Eslovênia
Espanha
França
Grécia
Israel
Itália
Líbano
Líbia
Malta
Marrocos
Mônaco
Montenegro
Síria
Tunísia
Turquia
Reino Unido
Sérvia
Macedônia
Bulgária
Romênia
Ucrânia
San Marino
Jordânia
Arábia Saudita
Geórgia
Portugal
 
Estatísticas das Respostas
Resposta % Correto
Itália
67%
Grécia
57%
Egito
56%
Malta
52%
Argélia
46%
Espanha
46%
Tunísia
46%
Marrocos
44%
Albânia
43%
Turquia
43%
Chipre
41%
França
41%
Israel
39%
Croácia
37%
Líbano
37%
Líbia
37%
Mônaco
37%
Bósnia
24%
Eslovênia
24%
Montenegro
24%
Síria
22%
Reino Unido
6%
Nenhum quiz correspondente encontrado
Distribuição das Pontuações
Porcentagem de Pessoas com Cada Pontuação
Percentil de Números Respondidos
Sua Pontuação Histórica
Você não jogou esse quiz